Normal view MARC view
  • MADHURI, DR.D & SOMASEKHAR,DR..K.B AND SEKHAR, CHANDRA

Entry Personal Name

Number of records used in: 1

001 - CONTROL NUMBER

  • control field: 8780

003 - CONTROL NUMBER IDENTIFIER

  • control field: JRU

005 - DATE AND TIME OF LATEST TRANSACTION

  • control field: 20251124073659.0

008 - FIXED-LENGTH DATA ELEMENTS

  • fixed length control field: 251124|| aca||aabn | a|a d

040 ## - CATALOGING SOURCE

  • Original cataloging agency: JRU
  • Transcribing agency: JRU

100 ## - HEADING--PERSONAL NAME

  • Personal name: MADHURI, DR.D & SOMASEKHAR,DR..K.B AND SEKHAR, CHANDRA

670 ## - SOURCE DATA FOUND

  • Source citation: Work cat.: (JRU)8957: MADHURI, DR.D & SOMASEKHAR,DR..K.B AND SEKHAR, CHANDRA, INSTRUMENTAL METHODS OF PHARMACEUTICAL ANALYSIS PRACTICAL TEXT